| 000 | 01111nam a2200289 i 4500 | ||
|---|---|---|---|
| 003 | EG-GICUC | ||
| 005 | 20260427092541.0 | ||
| 008 | 260427s1905 fr ||fr|||| 001 0 eng d | ||
| 040 |
_aEG-GiCUC _beng _cEG-GiCUC _dEG-GiCUC _eRda |
||
| 041 | 0 | _aeng | |
| 082 | 0 | 4 |
_221 _a341.3 _bRE |
| 092 | 0 | 4 | _221 |
| 099 | _aLaw1 11 341.3 RE 1905 | ||
| 245 | 0 | 0 |
_aReports Of Prize Cases : _bDetermined In The High Court Of Admiralty, Before Tile Lords Commissioners Of Appeals In Prize Causes, And Before The Judicial Committee Of The Privy Council, From 1745 Το 1859. _nVol. II / _cEdited By E. S. Roscoe, Barrister-at-law. |
| 264 | 1 |
_aLondon : _bStevens And Sons, _c1905. |
|
| 300 |
_a660 page, _c 24 cm. |
||
| 336 |
_2rda contenu _a texte |
||
| 337 |
_2rda medias _aOrdinateur |
||
| 338 |
_2 transporteur rda _a Ressource en ligne |
||
| 504 | _a Includes bibliographical references. | ||
| 546 | _aText in English | ||
| 650 | 1 | 4 | _2Public international law |
| 700 | 1 |
_aRoscoe, E. S _eeditor. |
|
| 856 | 4 | 0 | _uhttps://fll.law.cu.edu.eg/fulltext/bks/B11-09153.pdf |
| 905 | _a48 | ||
| 942 |
_2ddc _cBK _e21 _n0 |
||
| 999 |
_c73570 _d73570 |
||